Digital systems (Record no. 469)

MARC details
000 -LEADER
fixed length control field 00757nam a22002537a 4500
003 - CONTROL NUMBER IDENTIFIER
control field OSt
005 - DATE AND TIME OF LATEST TRANSACTION
control field 20250420134811.0
008 - FIXED-LENGTH DATA ELEMENTS--GENERAL INFORMATION
fixed length control field 200716b ||||| |||| 00| 0 eng d
020 ## - INTERNATIONAL STANDARD BOOK NUMBER
International Standard Book Number 9781292162003
040 ## - CATALOGING SOURCE
Transcribing agency KCST
082 ## - DEWEY DECIMAL CLASSIFICATION NUMBER
Classification number 621.381
Item number Wi Di
100 ## - MAIN ENTRY--PERSONAL NAME
Personal name Widmer, Neal S.
9 (RLIN) 4616
245 ## - TITLE STATEMENT
Title Digital systems
Remainder of title principles and applications /
Statement of responsibility, etc. Neal S. Widmer, Gregory L. Moss, Ronald J. Tocci.
250 ## - EDITION STATEMENT
Edition statement 12th edition
Remainder of edition statement Global edition.
260 ## - PUBLICATION, DISTRIBUTION, ETC.
Place of publication, distribution, etc. Harlow :
Name of publisher, distributor, etc. Pearson,
Date of publication, distribution, etc. 2018.
300 ## - PHYSICAL DESCRIPTION
Extent 1024 p. :
Other physical details ill.
650 ## - SUBJECT ADDED ENTRY--TOPICAL TERM
Topical term or geographic name entry element Logical design.
9 (RLIN) 4617
650 ## - SUBJECT ADDED ENTRY--TOPICAL TERM
Topical term or geographic name entry element Digital Integrated Circuits.
9 (RLIN) 1178
650 ## - SUBJECT ADDED ENTRY--TOPICAL TERM
Topical term or geographic name entry element Digital techniques.
9 (RLIN) 4618
700 ## - ADDED ENTRY--PERSONAL NAME
Personal name Moss, Gregory L.
9 (RLIN) 4619
700 ## - ADDED ENTRY--PERSONAL NAME
Personal name Tocci, Ronald J.
9 (RLIN) 4620
942 ## - ADDED ENTRY ELEMENTS (KOHA)
Koha item type Book
942 ## - ADDED ENTRY ELEMENTS (KOHA)
Source of classification or shelving scheme Dewey Decimal Classification
Holdings
Withdrawn status Lost status Source of classification or shelving scheme Damaged status Not for loan Home library Current library Date acquired Cost, normal purchase price Total checkouts Full call number Barcode Date last seen Price effective from Koha item type
    Dewey Decimal Classification     KCST Library KCST Library 16/07/2020 24.23   621.381 Wi Di 1000000620 16/07/2020 16/07/2020 Book
© 2025 KCST. All rights reserved